000 03927namaa22004211i 4500
003 OSt
005 20260414140317.0
008 250827s2024 ua a|||frm||| 000 0 eng d
040 _aEG-GICUC
_bara
_cEG-GICUC
_dEG-GICUC
_erda
041 0 _aara
_bara
_beng
049 _aإيداع
082 0 4 _a791.53
092 _a791.53
_221
097 _aدكتوراه‎
099 _aCai01.25.01.Ph.D.2024.سا.ص
100 0 _a،ســـارة حسن مصطفى ســليمان
_eإعداد.
245 1 0 _aصـياغات تشكيلية معاصـرة لدمى خيـال الظل فى ضـوء الفكر الفلسفى لإتجاهات من الفــن الحديث كمدخل تجريبى لتدريس الأشـــغال الفنية /
_cإعداد ســـارة حسن مصطفى ســليمان؛ إشراف أ.د فاطمة عبد العزيز المحمودى، أ.م.د أسامة محمد على.
246 1 5 _aContemporary formations of shadow puppets based on philosophical thought trends of modern art as an experimental approach to the artistic crafts teaching /
264 0 _c2024.
300 _a290 صفحة :
_bإيضاحيات ؛
_c30 سم. +
_eCD.
336 _atext
_2rda content
337 _aUnmediated
_2rdamedia
338 _avolume
_2rdacarrier
502 _aأطروحة (دكتوراه)-جامعة القاهرة، 2025.
504 _aببليوجرافيا: صفحات 269-278.
520 _aواشتملت الدراسة على خمسة فصول كما يلى : - الفصل الأول : التعريف بالبحث تضمن الفصل خلفية البحث ومشكلتة وأهدافه واهميته وفروض البحث وحدوده ثم المصطلحات والمفاهيم يليها منهج البحث وإجراءاته والدراسات المرتبطة به. - الفصل الثانى : دمى خيـــــال الظل كموروث فنى وثقافى . -الفصل الثالث : "الفكر الفلسفى لإتجاهات من الفن الحديث كركيزة لاستلهام دمى معاصرة لخيال الظل". -الفصل الرابع : "مدخل تجريبى للجمع بين الأصالة والمعاصرة في تشكيل دمى خيال الظل ". - الفصل الخامس :تطبيقات البحث. -النتائج والتوصيات.
520 _aThe Study Of This Research includes Five Chapters as follows1- Chapter One : Research Definition The chapter includes the background of the research ,its Problem,its purpose,its importance,the research hypothesis,the limits of the research, Terminology and concepts followed by pure Methodology,procedures and associated studies.2-Chapter Tow :shadow puppets that remain as an artistic and cultural heritage 3-Chapter Three :Philosophical thought of trends of modern art as a pillar of inspiration for puppets contemporary to shadow imagination. 4-Chapter Four :A pediatric entrtrance to The collection between The originality and contemporary in the formation of shadow puppets 5-Chapter Five :the research experience
530 _aصدر أيضًا كقرص مدمج.
546 _aالنص بالعربية والملخص باللغة الإنجليزية والعربية.
650 7 _a خيال الظل
_2qrmak
653 0 _aدمى خيال الظل
_aالفكر الفلسفى لإتجاهات من الفن الحديث
700 0 _aفاطمة عبد العزيز المحمودى
_eمشرف أطروحة.
700 0 _aأسامة محمد على
_eمشرف أطروحة.
900 _b30-12-2024
_cفاطمة عبد العزيز المحمودى
_cأسامة محمد على
_dإيمان كمال عبيد
_dأشرف أحمد محمود العيسوى
_Uجامعة القاهرة
_Fكلية التربية النوعية
_Dقسم التــربية الفــنية
905 _aSara
_eAfaf
942 _2ddc
_cTH
_e21
_n0
999 _c178403